Fr. Conceicao Rodrigues College of Engineering

Programming Android (Record no. 23349)

MARC details
000 -LEADER
fixed length control field 00336nam a2200181Ia 4500
082 ## - DEWEY DECIMAL CLASSIFICATION NUMBER
Item number MED
100 ## - MAIN ENTRY--PERSONAL NAME
Personal name Mednieks/Zigurd
250 ## - EDITION STATEMENT
Edition statement 2
245 ## - TITLE STATEMENT
Title Programming Android
260 ## - PUBLICATION, DISTRIBUTION, ETC.
Name of publisher, distributor, etc. SPD
Date of publication, distribution, etc. 2012
366 ## - TRADE AVAILABILITY INFORMATION
Publishers's discount category 20
300 ## - PHYSICAL DESCRIPTION
Extent 542
546 ## - LANGUAGE NOTE
Language note ENGLISH
650 ## - SUBJECT ADDED ENTRY--TOPICAL TERM
Topical term or geographic name entry element Android
654 ## - SUBJECT ADDED ENTRY--FACETED TOPICAL TERMS
Focus term android
942 ## - ADDED ENTRY ELEMENTS (KOHA)
Koha item type BOOK
Holdings
Withdrawn status Lost status Damaged status Not for loan Collection Home library Current library Date acquired Source of acquisition Cost, normal purchase price Inventory number Total Checkouts Full call number Barcode Date last seen Cost, replacement price Price effective from Koha item type
        CRC Fr. Agnel's C.Rodrigues College of Engineering Fr. Agnel's C.Rodrigues College of Engineering 17/03/2023 Shroff Publishers 840.00 4112 dt 20.01.2018   MED 25105 17/03/2023 1050.00   BOOK